Szczegóły MARC21

Szkoła alternatywna : z teorii i praktyki szkół waldorfskich /

003 -Nazwa inst., której nr kontr. jest w polu 001 [,]
    • @
    • Nazwa instytucji, której n kontrolny jest w polu 001
    • NUKAT
005 -DATA I CZAS OSTATNIEJ MODYFIKACJI [,]
    • @
    • pole kontrolne
    • 20241231112716.0
020 -Międzynarod. znormalizowany nr książki - ISBN [ , ]
    • a
    • Numer ISBN
    • 8385513485 Find
040 -Instytucja sporządzająca opis [ , ]
    • a
    • Instytucja, która sporządziła opis (NP)
    • OLSZT 003/DK
    • c
    • Instytucja, która sporządziła rekord (NP)
    • OLSZT 003/DK
    • d
    • Instytucja, która zmodyfikowała rekord (P)
    • OLSZT 003/DK
    • d
    • Instytucja, która zmodyfikowała rekord (P)
    • SZCZ U/JS
942 -Rodzaj dokumentu [ , ]
    • c
    • Rodzaj dokumentu
    • Książka
245 -Strefa tytułu i oznaczenia odpowiedzialności [0,0]
    • a
    • Tytuł
    • Szkoła alternatywna : Find
    • b
    • Ciąg dalszy tytułu (NP)
    • z teorii i praktyki szkół waldorfskich / Find
    • c
    • Pozostałe elementy strefy tytułu i oznaczenia odpowiedzialności (NP)
    • pod red. Stanisława Kawuli ; [aut. rozdz. Stanisław Kawula et al.].
250 -Strefa wydania [ , ]
    • a
    • Oznaczenie wydania (NP)
    • Wyd. 2, rozsz. i popr.
260 -Strefa adresu wydawniczego [ , ]
    • a
    • Miejsce wydania (P)
    • Olsztyn :
    • b
    • Nazwa wydawcy (P)
    • Wyższa Szkoła Pedagogiczna,
    • c
    • Data wydania (P)
    • 1994.
300 -Strefa opisu fizycznego [ , ]
    • a
    • Określenie formy książki i/lub objętość (NP)
    • 122 s., [2] s. tabl. kolor. :
    • b
    • Oznaczenie ilustracji (NP)
    • il. ;
    • c
    • Format (NP)
    • 23 cm.
336 -Typ zawartości [ , ]
    • a
    • Termin opisujący typ zawartości
    • Tekst
    • b
    • Kod określający zawartość
    • txt
    • 2
    • Źródło (terminu i kodu)
    • rdacontent
337 -Typ mediów [ , ]
    • a
    • Tryb odtwarzania
    • Bez urządzenia pośredniczącego
    • b
    • Kod typu mediów
    • n
    • 2
    • Źródło (terminu i kodu)
    • rdamedia
338 -Typ/rodzaj nośnika [ , ]
    • a
    • Hasło opisujące typ nośnika
    • Wolumin
    • b
    • Kod typu nośnika
    • nc
    • 2
    • Źródło (terminu i kodu)
    • rdacarrier
080 -Uniwersalna Klasyfikacja Dziesiętna [ , ]
    • a
    • Symbol klasyfikacji
    • 37.018.5
    • 2
    • Identyfikator wydania tablic
    • UDC-P058
    • 9
    • UKD
    • 3847
    • b
    • Dopowiedzenie
    • Formy organizacyjne szkół i nauczania. Szkoły jednoklasowe (w jednym pomieszczeniu). Szkoły letnie, szkoły niedzielne. Szkoły międzynarodowe. Szkoły z obcym językiem wykładowym. Szkoły eksperymentalne.
600 -Hasło przedmiotowe w formie nazwy osobowej [1,7]
    • a
    • Nazwa osobowa
    • Steiner, Rudolf
    • d
    • Daty związane z nazwą
    • (1861-1925)
    • x
    • Określnik rzeczowy
    • i edukacja.
    • 2
    • Źródło terminu
    • kaba
    • 9
    • KHW
    • 390621
650 -Hasło przedmiotowe [ ,7]
    • a
    • Hasło przedmiotowe
    • Szkoła waldorfska.
    • 2
    • Źródło terminu
    • kaba
    • 9
    • KHW
    • 132027
650 -Hasło przedmiotowe [ ,7]
    • a
    • Hasło przedmiotowe
    • Metody eksperymentalne w nauczaniu.
    • 2
    • Źródło terminu
    • kaba
    • 9
    • KHW
    • 120663
980 -Symbol UKD [ , ]
    • a
    • UKD
    • 37.018.5
700 -Hasło dodatkowe - nazwa osobowa [1, ]
    • a
    • Nazwa osobowa (NP)
    • Kawula, Stanisław Find
    • d
    • Daty biograficzne (NP)
    • (1939-2014).
    • e
    • Określenie rodzaju współpracy
    • Red.
    • 9
    • KHW
    • 41514
710 -Hasło dodatkowe - nazwa ciała zbiorowego [2, ]
    • a
    • Nazwa ciała zbiorowego lub nazwa geograficzna jako pierwszy element (NP)
    • Wyższa Szkoła Pedagogiczna (Olsztyn).
    • 4
    • Kod relacji
    • pbl
    • 9
    • KHW
    • 57683
920 -ISBN [ , ]
    • a
    • ISBN
    • 83-85513-48-5 Find
Numer inwentarzowy Status udost. Lokalizacja Data inwentaryzacji Sygnatura
W.185342-3BG1995-11-27W.185342
W.1853432BG1995-11-27W.185342
W.185344-3BG1995-11-27W.185342
Pd.84481BG1995-11-27 
Pd.84491BNS1995-11-27